Science Quiz

Random Science or Blitz Quiz

Easy Math Quiz Stats

 Plays Quiz not verified by Sporcle

Also try: 'S' Elements
Challenge
Share
Tweet
Embed
Score 0/11 Timer 01:00
0 Plays Today
Equation Type in 'Start' to Begin % Correct
????
100%
????
82.4%
????
81.6%
????
80.7%
????
78.9%
????
77.3%
????
72.3%
????
66.1%
????
57.9%
????
52.1%
????
42.9%

You're not logged in!

Compare scores with friends on all Sporcle quizzes.
OR
Log In

You Might Also Like...

Show Comments

Extras

Top Quizzes Today


Score Distribution

Your Account Isn't Verified!

In order to create a playlist on Sporcle, you need to verify the email address you used during registration. Go to your Sporcle Settings to finish the process.

Report this User

Report this user for behavior that violates our Community Guidelines.

Details: